[Event "BL2 Ost 0809 (Women)"]
[Site "Germany"]
[Date "2008.11.08"]
[Round "1.5"]
[White "Flemming, Peggy"]
[Black "Janssen, Lieselotte"]
[Result "0-1"]
[WhiteElo "1653"]
[BlackElo "2033"]
[PlyCount "94"]
[EventDate "2008.11.08"]
[EventType "team-tourn"]
[EventRounds "7"]
[EventCountry "GER"]
[SourceTitle "EXT 2010"]
[Source "ChessBase"]
[SourceDate "2010.11.25"]
[SourceVersion "1"]
[SourceVersionDate "2010.11.25"]
[SourceQuality "1"]
[WhiteTeam "Dresden Gruen Weiss (W)"]
[BlackTeam "Leipzig Lindenau (W)"]
[WhiteTeamCountry "GER"]
[BlackTeamCountry "GER"]

1. d4 d5 2. c4 e6 3. Nc3 Nf6 4. Nf3 Be7 5. Bf4 a6 6. e3 0-0 7. Rc1 c6 8. Qc2 Nbd7 9. cxd5 Nxd5 10. Nxd5 exd5 11. Qd2 Nf6 12. Bd3 Ne4 13. Bxe4 dxe4 14. Ne5 Bd6 15. 0-0 Be6 16. b3 f6 17. Nc4 Bxf4 18. exf4 a5 19. Qe3 Bd5 20. Rfd1 b5 21. Nd2 a4 22. b4 f5 23. Nb1 Rf6 24. Nc3 Bf7 25. Rd2 Rh6 26. g3 Bh5 27. d5 Rd6 28. Rcc2 Rc8 29. dxc6 Rcxc6 30. Rxd6 Rxd6 31. Qc5 Bf3 32. Rc1 Rd3 33. Qxb5 g6 34. Qxa4 Rd2 35. Qb3+ Kg7 36. b5 Qd4 37. Rf1 e3 38. Nd1 Rxd1 39. fxe3 Rxf1+ 40. Kxf1 Qd2 41. Qc4 Qxe3 42. a4 Be4 43. Qa2 Bd3+ 44. Kg2 Be2 45. Qa1+ Kh6 46. Kh3 Qf3 47. Qf6 Bf1+ 0-1

[Event "Hessen-ch Seniors op 03rd"]
[Site "Bad Sooden-Allendorf"]
[Date "2007.05.04"]
[Round "7"]
[White "Packroff, Hermann"]
[Black "Janssen, Lieselotte"]
[Result "1-0"]
[WhiteElo "2044"]
[BlackElo "1747"]
[PlyCount "85"]
[EventDate "2007.04.27"]
[EventType "swiss"]
[EventRounds "9"]
[EventCountry "GER"]
[SourceTitle "EXT 2022"]
[Source "ChessBase"]
[SourceDate "2021.10.06"]
[SourceVersion "1"]
[SourceVersionDate "2021.10.06"]
[SourceQuality "1"]

1. e4 c5 2. Nf3 e6 3. d4 cxd4 4. Nxd4 a6 5. c4 Qc7 6. a3 Nf6 7. Nc3 d6 8. Be3 Nbd7 9. Rc1 Nc5 10. f3 Be7 11. Be2 0-0 12. 0-0 b6 13. b4 Ncd7 14. f4 Bb7 15. Bd3 Rac8 16. f5 Ne5 17. fxe6 Nfg4 18. Bf4 Nxd3 19. Qxd3 Ne5 20. Bxe5 dxe5 21. exf7+ Rxf7 22. Rxf7 Kxf7 23. Nf3 Bf6 24. Nd5 Qd6 25. Qe3 Bd8 26. h3 h6 27. Qc3 Bf6 28. c5 bxc5 29. bxc5 Qe6 30. Nxf6 gxf6 31. Qe3 Rg8 32. Nh4 Bc6 33. Nf5 Rxg2+ 34. Kxg2 Qxf5 35. Re1 h5 36. Kh2 Qg6 37. Qb3+ Ke7 38. Qd3 h4 39. Qd6+ Kf7 40. Qc7+ Kf8 41. Rg1 Qxe4 42. Qg7+ Ke8 43. Qg8+ 1-0

[Event "Hessen-ch Seniors op 03rd"]
[Site "Bad Sooden-Allendorf"]
[Date "2007.05.02"]
[Round "5"]
[White "Janssen, Lieselotte"]
[Black "Richter, Hildegard"]
[Result "1/2-1/2"]
[WhiteElo "1747"]
[BlackElo "1675"]
[PlyCount "51"]
[EventDate "2007.04.27"]
[EventType "swiss"]
[EventRounds "9"]
[EventCountry "GER"]
[SourceTitle "EXT 2022"]
[Source "ChessBase"]
[SourceDate "2021.10.06"]
[SourceVersion "1"]
[SourceVersionDate "2021.10.06"]
[SourceQuality "1"]

1. d4 Nf6 2. c4 e6 3. Nc3 Bb4 4. Bd2 d5 5. e3 0-0 6. Nf3 b6 7. cxd5 Nxd5 8. Rc1 Nxc3 9. Bxc3 Bxc3+ 10. Rxc3 Bb7 11. Be2 Nd7 12. 0-0 c5 13. dxc5 Nxc5 14. Qc1 Rc8 15. Rd1 Qe7 16. Nd4 Ne4 17. Rxc8 Rxc8 18. Qb1 Nf6 19. Bf3 Bxf3 20. Nxf3 h6 21. Qd3 Qc5 22. h3 Qc2 23. Qxc2 Rxc2 24. Rd8+ Kh7 25. Rd2 Rc1+ 26. Kh2 1/2-1/2

[Event "GER-ch Seniors 18th"]
[Site "Dresden"]
[Date "2006.07.29"]
[Round "8"]
[White "Janssen, Lieselotte"]
[Black "Fels, Karl Heinz"]
[Result "1/2-1/2"]
[WhiteElo "1814"]
[BlackElo "1794"]
[PlyCount "55"]
[EventDate "2006.07.22"]
[EventType "swiss"]
[EventRounds "9"]
[EventCountry "GER"]
[SourceTitle "EXT 2022"]
[Source "ChessBase"]
[SourceDate "2021.10.06"]
[SourceVersion "1"]
[SourceVersionDate "2021.10.06"]
[SourceQuality "1"]

1. d4 Nf6 2. c4 e6 3. Bg5 d5 4. Nc3 h6 5. Bh4 Bb4 6. e3 0-0 7. a3 Bxc3+ 8. bxc3 g5 9. Bg3 Ne4 10. Qc2 Nd7 11. Bd3 f5 12. Ne2 c6 13. 0-0 Nxg3 14. Nxg3 Nf6 15. cxd5 cxd5 16. c4 Bd7 17. cxd5 Nxd5 18. Qb3 Bc6 19. f3 Qd7 20. Bc4 Rae8 21. Rfe1 b5 22. Bd3 a6 23. Nf1 Nf6 24. Qb2 Qb7 25. Rac1 g4 26. fxg4 Nxg4 27. Qc2 Rc8 28. Qe2 1/2-1/2

[Event "GER-ch Seniors 18th"]
[Site "Dresden"]
[Date "2006.07.26"]
[Round "5"]
[White "Kempen, Willi"]
[Black "Janssen, Lieselotte"]
[Result "1/2-1/2"]
[WhiteElo "2026"]
[BlackElo "1814"]
[PlyCount "113"]
[EventDate "2006.07.22"]
[EventType "swiss"]
[EventRounds "9"]
[EventCountry "GER"]
[SourceTitle "EXT 2022"]
[Source "ChessBase"]
[SourceDate "2021.10.06"]
[SourceVersion "1"]
[SourceVersionDate "2021.10.06"]
[SourceQuality "1"]

1. e4 c5 2. Nf3 e6 3. d4 cxd4 4. Nxd4 a6 5. Nc3 Qc7 6. Bd3 Nf6 7. 0-0 d6 8. Be3 Bd7 9. Qe2 Nc6 10. a3 Rc8 11. f4 Na5 12. g4 h6 13. g5 hxg5 14. fxg5 Nh5 15. Qf2 Bc6 16. g6 Nf6 17. gxf7+ Kxf7 18. Nxe6 Kxe6 19. Bb6 Qe7 20. Bxa5 Kd7 21. Qf5+ Qe6 22. e5 dxe5 23. Qxe6+ Kxe6 24. Bf5+ Kf7 25. Bb6 Re8 26. Rae1 Kg8 27. Ne4 Nd5 28. Bc5 Nf4 29. Bxf8 Rxf8 30. Bg4 Rh4 31. h3 Nxh3+ 32. Bxh3 Rxf1+ 33. Kxf1 Rxe4 34. Be6+ Kf8 35. Rc1 Rh4 36. Kf2 Rh1 37. Rxh1 Bxh1 38. a4 Ke7 39. Bc8 a5 40. c3 Kd6 41. b4 axb4 42. cxb4 Bd5 43. a5 Kc6 44. a6 bxa6 45. Bxa6 Kb6 46. Be2 Bc6 47. Ke3 g5 48. Bd3 g4 49. Kf2 e4 50. Be2 Bd7 51. Ke3 g3 52. Bf1 Bc6 53. Kf4 Bb5 54. Bg2 Bd3 55. Kxg3 e3 56. Kf3 Be4+ 57. Kxe3 1/2-1/2

[Event "GER-ch Seniors 18th"]
[Site "Dresden"]
[Date "2006.07.22"]
[Round "1"]
[White "Thuma, Horst"]
[Black "Janssen, Lieselotte"]
[Result "0-1"]
[WhiteElo "1664"]
[BlackElo "1814"]
[PlyCount "33"]
[EventDate "2006.07.22"]
[EventType "swiss"]
[EventRounds "9"]
[EventCountry "GER"]
[SourceTitle "EXT 2022"]
[Source "ChessBase"]
[SourceDate "2021.10.06"]
[SourceVersion "1"]
[SourceVersionDate "2021.10.06"]
[SourceQuality "1"]

1. e4 c5 2. Nf3 e6 3. d4 cxd4 4. Nxd4 a6 5. Be2 Nf6 6. Bf3 d6 7. 0-0 Nbd7 8. c4 Qc7 9. b3 Be7 10. Bb2 Ne5 11. Nc3 Bd7 12. Be2 0-0 13. Kh1 Nc6 14. Rc1 Nxd4 15. Qxd4 Bc6 16. Bd3 Rad8 17. Rfd1 0-1

[Event "Hessen-ch Seniors op 02nd"]
[Site "Bad Sooden-Allendorf"]
[Date "2006.05.07"]
[Round "6"]
[White "Janssen, Lieselotte"]
[Black "Bernhart, Ernst"]
[Result "1/2-1/2"]
[WhiteElo "1780"]
[BlackElo "1608"]
[PlyCount "61"]
[EventDate "2006.04.25"]
[EventType "swiss"]
[EventRounds "9"]
[EventCountry "GER"]
[SourceTitle "EXT 2007"]
[Source "ChessBase"]
[SourceDate "2006.11.23"]
[SourceVersion "1"]
[SourceVersionDate "2006.11.23"]
[SourceQuality "1"]

1. d4 d5 2. c4 c6 3. cxd5 cxd5 4. Nc3 Nc6 5. Nf3 Nf6 6. e3 Bg4 7. Be2 e6 8. 0-0 Be7 9. a3 0-0 10. b4 Rc8 11. Bb2 Bd6 12. h3 Bh5 13. Rc1 Bb8 14. Nd2 Bg6 15. Nb3 Qd6 16. f4 Qe7 17. Nc5 h6 18. Nd3 Ne4 19. Nxe4 Bxe4 20. Ne5 Nxe5 21. dxe5 Qd7 22. Bd4 Rxc1 23. Qxc1 Rc8 24. Qd1 b6 25. Bd3 Bxd3 26. Qxd3 Rc4 27. Qb3 Bc7 28. Rf2 Bd8 29. Rc2 b5 30. Kf2 a6 31. Qd3 1/2-1/2

[Event "BL2 Gr02 0506 (Women)"]
[Site "Germany"]
[Date "2005.11.20"]
[Round "4.4"]
[White "Janssen, Lieselotte"]
[Black "Beltz, Franziska"]
[Result "1/2-1/2"]
[WhiteElo "1792"]
[BlackElo "1496"]
[PlyCount "142"]
[EventDate "2005.10.29"]
[EventType "team-tourn"]
[EventRounds "7"]
[EventCountry "GER"]
[SourceTitle "EXT 2007"]
[Source "ChessBase"]
[SourceDate "2006.11.23"]
[SourceVersion "1"]
[SourceVersionDate "2006.11.23"]
[SourceQuality "1"]
[WhiteTeam "Leipzig Lindenau"]
[BlackTeam "Leipzig Gohlis"]
[WhiteTeamCountry "GER"]
[BlackTeamCountry "GER"]

1. d4 Nf6 2. c4 g6 3. Nc3 d5 4. Nf3 Bg7 5. cxd5 Nxd5 6. e4 Nxc3 7. bxc3 c5 8. Be3 0-0 9. Be2 Qa5 10. Qc2 cxd4 11. Nxd4 e5 12. Nb3 Qc7 13. 0-0 Nc6 14. Rac1 b6 15. c4 Nd4 16. Bxd4 exd4 17. Rcd1 Rd8 18. f4 Bf8 19. Kh1 Bc5 20. e5 Bf5 21. Bd3 Bg4 22. Be2 Bf5 23. Bd3 Bg4 24. Rb1 Qe7 25. h3 Bd7 26. Rbd1 Rac8 27. Qb2 Bc6 28. Qe2 f6 29. exf6 Qxf6 30. Nxc5 bxc5 31. Qg4 Kh8 32. Rde1 Re8 33. Re2 Rxe2 34. Qxc8+ Re8 35. Qc7 Re7 36. Qa5 Re3 37. Qd2 Rxh3+ 38. Kg1 Rg3 39. Rf2 Re3 40. Bf1 Qe7 41. f5 gxf5 42. Rxf5 Be4 43. Rf4 Bg6 44. Qb2 Kg7 45. Rf2 Re1 46. Re2 Rxe2 47. Bxe2 Qe3+ 48. Kf1 Be4 49. a4 Qg3 50. Bd1 Bd3+ 51. Be2 Qf4+ 52. Ke1 Be4 53. Qb5 Qh4+ 54. Kd2 Qg5+ 55. Kd1 Qe7 56. Qb8 Bg6 57. Qg3 Kf8 58. Qf4+ Bf7 59. Qh6+ Kg8 60. Bd3 Be8 61. a5 Kh8 62. a6 Ba4+ 63. Kd2 Qg7 64. Qf4 Qxg2+ 65. Be2 Qg7 66. Qb8+ Qg8 67. Qe5+ Qg7 68. Qxc5 Qh6+ 69. Ke1 Qh4+ 70. Kd2 Qf4+ 71. Ke1 Qh4+ 1/2-1/2

[Event "Hessen-ch Seniors op 01st"]
[Site "Bad Sooden-Allendorf"]
[Date "2005.04.29"]
[Round "8"]
[White "Janssen, Lieselotte"]
[Black "Beikirch, Heinz"]
[Result "1/2-1/2"]
[WhiteElo "1798"]
[BlackElo "1715"]
[PlyCount "90"]
[EventDate "2005.04.22"]
[EventType "swiss"]
[EventRounds "9"]
[EventCountry "GER"]
[SourceTitle "EXT 2007"]
[Source "ChessBase"]
[SourceDate "2006.11.23"]
[SourceVersion "1"]
[SourceVersionDate "2006.11.23"]
[SourceQuality "1"]

1. d4 Nf6 2. c4 e6 3. Nc3 Bb4 4. Bd2 0-0 5. e3 c5 6. Nf3 d5 7. cxd5 cxd4 8. Nxd4 exd5 9. Be2 a6 10. Bf3 Nc6 11. Nxc6 bxc6 12. a3 Bd6 13. 0-0 Qe7 14. Re1 Qe5 15. g3 h5 16. Bg2 h4 17. f4 Qf5 18. gxh4 Qg6 19. Qf3 Bg4 20. Qf2 Rfe8 21. Kh1 Re7 22. Rg1 Qh7 23. Qg3 Bf5 24. Bf3 Rae8 25. Rae1 Bc5 26. Qf2 Re6 27. Rg5 Ne4 28. Nxe4 Bxe4 29. f5 Bxf5 30. Bxd5 Be4+ 31. Bxe4 Qxe4+ 32. Kg1 Be7 33. Qg2 Bxg5 34. Qxe4 Rxe4 35. hxg5 Rg4+ 36. Kf2 Rxg5 37. e4 Rh5 38. Kg3 Rc5 39. Bc3 f6 40. h4 Kf7 41. Kf3 f5 42. e5 Rc4 43. Rh1 Ke6 44. Rg1 Kf7 45. h5 Rxc3+ 1/2-1/2

[Event "Hessen-ch Seniors op 01st"]
[Site "Bad Sooden-Allendorf"]
[Date "2005.04.26"]
[Round "5"]
[White "Grabara, Manfred"]
[Black "Janssen, Lieselotte"]
[Result "1-0"]
[WhiteElo "1808"]
[BlackElo "1798"]
[PlyCount "97"]
[EventDate "2005.04.22"]
[EventType "swiss"]
[EventRounds "9"]
[EventCountry "GER"]
[SourceTitle "EXT 2007"]
[Source "ChessBase"]
[SourceDate "2006.11.23"]
[SourceVersion "1"]
[SourceVersionDate "2006.11.23"]
[SourceQuality "1"]

1. f4 d5 2. e3 Nf6 3. Nf3 e6 4. b3 Be7 5. Bb2 0-0 6. Be2 c5 7. 0-0 b6 8. Qe1 Bb7 9. Ne5 Nbd7 10. d3 Nxe5 11. fxe5 Nd7 12. d4 Bh4 13. g3 Bg5 14. Bb5 a6 15. Bxd7 Qxd7 16. Nd2 Rac8 17. Nf3 Be7 18. Qe2 b5 19. c3 a5 20. a3 b4 21. axb4 axb4 22. Ra7 cxd4 23. cxb4 dxe3 24. Bd4 Bxb4 25. Bxe3 Ra8 26. Rfa1 Rxa7 27. Rxa7 Qc6 28. Nd4 Qd7 29. Nb5 Ra8 30. Rxa8+ Bxa8 31. Qa2 Bc6 32. Nd4 Bc5 33. Kf2 Bb7 34. Qc2 Bb6 35. b4 h6 36. h4 Bc7 37. Nf3 Ba6 38. g4 Qd8 39. Qc6 Bc4 40. b5 Bb8 41. b6 Ba6 42. b7 Qa5 43. Qc8+ Kh7 44. Qxb8 Qa2+ 45. Nd2 Qb2 46. Qc7 Qb5 47. b8Q Qe2+ 48. Kg3 Qxe3+ 49. Nf3 1-0

[Event "GER-chA Seniors 16th"]
[Site "Templin"]
[Date "2004.09.11"]
[Round "8"]
[White "Janssen, Lieselotte"]
[Black "Rychlik, Kurt"]
[Result "0-1"]
[WhiteElo "1762"]
[BlackElo "1868"]
[PlyCount "92"]
[EventDate "2004.09.04"]
[EventType "swiss"]
[EventRounds "9"]
[EventCountry "GER"]
[SourceTitle "EXT 2005"]
[Source "ChessBase"]
[SourceDate "2004.11.15"]
[SourceVersion "1"]
[SourceVersionDate "2004.11.15"]
[SourceQuality "1"]

1. d4 g6 2. c4 Bg7 3. e4 d6 4. Nf3 Nc6 5. Nc3 e5 6. Be3 exd4 7. Nxd4 Nge7 8. Be2 0-0 9. 0-0 Bd7 10. Qd2 f5 11. Bg5 Nxd4 12. Nd5 Rf7 13. Bd3 Ndc6 14. exf5 Bxf5 15. Rae1 Qd7 16. Bxf5 Nxf5 17. b4 Ne5 18. Qe2 c6 19. Ne3 h6 20. Nxf5 Rxf5 21. Bc1 Qf7 22. c5 dxc5 23. bxc5 Rf8 24. f4 Nd7 25. g4 Rxc5 26. Ba3 Bd4+ 27. Kg2 Qd5+ 28. Rf3 Rxf4 29. Bxc5 Rxg4+ 30. Kh1 Bxc5 31. Rd1 Rd4 32. Rxd4 Bxd4 33. Qe8+ Kh7 34. Qf7+ Bg7 35. Kg2 Ne5 36. Qxd5 cxd5 37. Rb3 b6 38. Ra3 a5 39. Rb3 Nc4 40. Kf2 g5 41. Rd3 d4 42. Rd1 Kg6 43. Kf3 Kf5 44. h3 d3 45. Rc1 d2 46. Rd1 Bc3 0-1

[Event "Bad Sooden-Allendorf Seniors op 16th"]
[Site "Bad Sooden-Allendorf"]
[Date "2004.04.29"]
[Round "8"]
[White "Janssen, Lieselotte"]
[Black "Smits, Oswald"]
[Result "0-1"]
[WhiteElo "2091"]
[BlackElo "1730"]
[PlyCount "122"]
[EventDate "2004.04.22"]
[EventType "swiss"]
[EventRounds "9"]
[EventCountry "GER"]
[SourceTitle "EXT 2006"]
[Source "ChessBase"]
[SourceDate "2005.11.24"]
[SourceVersion "1"]
[SourceVersionDate "2005.11.24"]
[SourceQuality "1"]

1. d4 d5 2. c4 e6 3. Nc3 Nf6 4. Bg5 Be7 5. Nf3 0-0 6. e3 b6 7. Bd3 dxc4 8. Bxc4 Ba6 9. Qe2 Bxc4 10. Qxc4 a6 11. a4 b5 12. Qd3 b4 13. Ne4 Nbd7 14. a5 Nxe4 15. Bxe7 Nxf2 16. Kxf2 Qxe7 17. Rhc1 c5 18. dxc5 Nxc5 19. Qc4 Rfc8 20. Kg1 Qb7 21. Qe2 Nb3 22. Rxc8+ Rxc8 23. Rd1 Nxa5 24. Ra1 Rc5 25. Qd1 Qb6 26. Qd7 g6 27. Qd3 Rd5 28. Qe2 Qc6 29. Nd4 Qc8 30. Nc2 Qb7 31. Qe1 Nc6 32. Qe2 a5 33. Rd1 Qd7 34. Rxd5 Qxd5 35. Kf2 Qe5 36. Qc4 Qf5+ 37. Ke1 Ne5 38. Qc8+ Kg7 39. Ke2 Qg4+ 40. Kf1 Qd1+ 41. Kf2 Qc1 42. Kg3 b3 43. Qc3 Qxc2 44. Qxe5+ Kf8 45. Qxa5 Qxb2 46. Qd8+ Kg7 47. Qb6 Qe5+ 48. Kf3 b2 49. Ke2 Qc3 50. Kf3 Kh6 51. Qb8 Qf6+ 52. Kg3 Qc3 53. Kf3 Kg7 54. g4 Qf6+ 55. Ke2 Qc3 56. Kf3 e5 57. g5 Qc6+ 58. Kg3 Qc3 59. Kf3 Qc6+ 60. Kg3 Qe4 61. Qxb2 Qxe3+ 0-1

[Event "Bad Sooden-Allendorf Seniors op 16th"]
[Site "Bad Sooden-Allendorf"]
[Date "2004.04.26"]
[Round "5"]
[White "Hoffmann, Erich"]
[Black "Janssen, Lieselotte"]
[Result "1-0"]
[WhiteElo "1706"]
[BlackElo "2091"]
[PlyCount "59"]
[EventDate "2004.04.22"]
[EventType "swiss"]
[EventRounds "9"]
[EventCountry "GER"]
[SourceTitle "EXT 2006"]
[Source "ChessBase"]
[SourceDate "2005.11.24"]
[SourceVersion "1"]
[SourceVersionDate "2005.11.24"]
[SourceQuality "1"]

1. e4 c5 2. d4 cxd4 3. c3 dxc3 4. Nxc3 Nc6 5. Nf3 d6 6. Bc4 e6 7. 0-0 Nf6 8. Qe2 a6 9. Rd1 Qc7 10. Bf4 Be7 11. Rac1 0-0 12. e5 dxe5 13. Nxe5 Bd6 14. Rxd6 Qxd6 15. Rd1 Qc5 16. Nxc6 Qxc6 17. Rd6 Qe8 18. Bg5 Qe7 19. Ne4 Rd8 20. Bxf6 gxf6 21. Rxd8+ Qxd8 22. Qg4+ Kh8 23. Qh4 Qd1+ 24. Bf1 Qd4 25. Bd3 Qxd3 26. Qxf6+ Kg8 27. Qg5+ Kf8 28. Qh6+ Ke7 29. Qf6+ Kd7 30. Nc5+ 1-0

[Event "Wch Seniors (Women) 12th"]
[Site "Naumburg"]
[Date "2002.10.25"]
[Round "5"]
[White "Janssen, Lieselotte"]
[Black "Shushpanova, Nina Aleksandro"]
[Result "1/2-1/2"]
[WhiteElo "1843"]
[BlackElo "2058"]
[PlyCount "53"]
[EventDate "2002.10.21"]
[EventType "swiss"]
[EventRounds "11"]
[EventCountry "GER"]
[SourceTitle "EXT 2006"]
[Source "ChessBase"]
[SourceDate "2005.11.24"]
[SourceVersion "1"]
[SourceVersionDate "2005.11.24"]
[SourceQuality "1"]

1. d4 g6 2. e4 Bg7 3. c3 c6 4. Be3 d5 5. exd5 cxd5 6. Nf3 Nf6 7. Bd3 0-0 8. Nbd2 Nc6 9. 0-0 Qc7 10. Re1 a6 11. Nf1 b5 12. Rc1 Qb6 13. Ne5 Qb7 14. Bg5 Nxe5 15. Rxe5 Be6 16. Re1 Ne8 17. Ne3 Nd6 18. Ng4 Bxg4 19. Qxg4 e6 20. Qf4 Nc4 21. b3 Nb6 22. Bh6 Qb8 23. Qh4 Qd8 24. Bg5 Qd7 25. Bf6 Bxf6 26. Qxf6 Qd8 27. Qf4 1/2-1/2

[Event "Wch Seniors (Women) 12th"]
[Site "Naumburg"]
[Date "2002.10.21"]
[Round "1"]
[White "Janssen, Lieselotte"]
[Black "Richter, Hildegard"]
[Result "1/2-1/2"]
[WhiteElo "1843"]
[BlackElo "1706"]
[PlyCount "26"]
[EventDate "2002.10.21"]
[EventType "swiss"]
[EventRounds "11"]
[EventCountry "GER"]
[SourceTitle "EXT 2006"]
[Source "ChessBase"]
[SourceDate "2005.11.24"]
[SourceVersion "1"]
[SourceVersionDate "2005.11.24"]
[SourceQuality "1"]

1. d4 d5 2. c4 e6 3. Nc3 Nf6 4. Bg5 c6 5. cxd5 exd5 6. Qc2 Be7 7. e3 0-0 8. Bd3 h6 9. Bh4 Re8 10. h3 Nbd7 11. Nf3 Ne4 12. Bxe7 Qxe7 13. 0-0 f5 1/2-1/2

[Event "Bad Sooden-Allendorf Seniors op 14th"]
[Site "Bad Sooden-Allendorf"]
[Date "2002.04.30"]
[Round "9"]
[White "Janssen, Lieselotte"]
[Black "Van Houten, Henk"]
[Result "1/2-1/2"]
[WhiteElo "2118"]
[BlackElo "1768"]
[PlyCount "29"]
[EventDate "2002.04.??"]
[EventType "swiss"]
[EventRounds "9"]
[EventCountry "GER"]
[SourceTitle "EXT 2006"]
[Source "ChessBase"]
[SourceDate "2005.11.24"]
[SourceVersion "1"]
[SourceVersionDate "2005.11.24"]
[SourceQuality "1"]

1. d4 d6 2. Nf3 h6 3. e4 e6 4. c4 Be7 5. Nc3 a6 6. Be3 Bd7 7. Be2 c5 8. dxc5 dxc5 9. Qc2 Nf6 10. Ne5 0-0 11. Bf4 Nc6 12. Nxd7 Qxd7 13. Rd1 Nd4 14. Qd3 Qc6 15. 0-0 1/2-1/2

[Event "Bad Sooden-Allendorf Seniors op 14th"]
[Site "Bad Sooden-Allendorf"]
[Date "2002.04.28"]
[Round "7"]
[White "Janssen, Lieselotte"]
[Black "Hansen, Hans1111"]
[Result "0-1"]
[WhiteElo "2118"]
[BlackElo "1892"]
[PlyCount "72"]
[EventDate "2002.04.??"]
[EventType "swiss"]
[EventRounds "9"]
[EventCountry "GER"]
[SourceTitle "EXT 2006"]
[Source "ChessBase"]
[SourceDate "2005.11.24"]
[SourceVersion "1"]
[SourceVersionDate "2005.11.24"]
[SourceQuality "1"]

1. d4 d5 2. c4 e6 3. Nf3 Nf6 4. Nc3 c6 5. e3 Nbd7 6. Bd3 dxc4 7. Bxc4 b5 8. Bd3 Bb7 9. 0-0 a6 10. Qe2 c5 11. dxc5 Bxc5 12. a3 0-0 13. b4 Bxf3 14. Qxf3 Ne5 15. Qe2 Qxd3 16. Qxd3 Nxd3 17. bxc5 Nxc5 18. Bb2 Nd3 19. Rab1 Nxb2 20. Rxb2 Rac8 21. Na2 Rfd8 22. Nb4 a5 23. Nc2 Rd2 24. Rc1 Ne4 25. Rxb5 Nc3 26. Nd4 Rxd4 27. exd4 Ne2+ 28. Kf1 Nxc1 29. Rxa5 Nb3 30. Ra4 Rd8 31. Ke2 Nxd4+ 32. Ke3 Nc2+ 33. Ke4 g5 34. g3 Rd2 35. f4 gxf4 36. gxf4 Rxh2 0-1

[Event "Bad Sooden-Allendorf Seniors op 14th"]
[Site "Bad Sooden-Allendorf"]
[Date "2002.04.22"]
[Round "1"]
[White "Tessmer, Herbert"]
[Black "Janssen, Lieselotte"]
[Result "0-1"]
[WhiteElo "1652"]
[BlackElo "2118"]
[PlyCount "98"]
[EventDate "2002.04.??"]
[EventType "swiss"]
[EventRounds "9"]
[EventCountry "GER"]
[SourceTitle "EXT 2006"]
[Source "ChessBase"]
[SourceDate "2005.11.24"]
[SourceVersion "1"]
[SourceVersionDate "2005.11.24"]
[SourceQuality "1"]

1. Nf3 d5 2. d4 Nf6 3. e3 e6 4. Bd3 c5 5. 0-0 Nc6 6. c3 Bd6 7. h3 0-0 8. Nbd2 a6 9. b3 b5 10. dxc5 Bxc5 11. Bb2 Bb7 12. Rc1 Rc8 13. Re1 Bd6 14. Nd4 Nxd4 15. cxd4 Qa5 16. Bb1 Rxc1 17. Qxc1 Rc8 18. Qd1 Bb4 19. Re2 Ba3 20. Nf1 Ne4 21. Bxe4 dxe4 22. Bxa3 Qxa3 23. Rc2 Rxc2 24. Qxc2 f5 25. g3 Kf7 26. Nd2 Qd6 27. Qc5 Ke7 28. a3 Kd7 29. h4 g6 30. Nb1 Qd5 31. Nd2 e5 32. Qxd5+ Bxd5 33. dxe5 Ke6 34. Kf1 Kxe5 35. Ke1 h6 36. Kd1 g5 37. hxg5 hxg5 38. Kc2 a5 39. Kc3 Bf7 40. Nf1 Bh5 41. Nd2 Be2 42. b4 a4 43. Kb2 Bd3 44. Nb1 Bxb1 45. Kxb1 Kd5 46. Kb2 Kc4 47. Kc2 g4 48. Kd2 Kb3 49. f3 gxf3 0-1